000 00291nam a22001337a 4500
008 210603b ||||| |||| 00| 0 eng d
041 _aeng
080 _23rd
_a159.9
082 _a159.9
100 _a48
101 _aPSI
245 _aAbnormal Psychology
_cRosenhan,D.L
942 _2udc
_cBK
999 _c57935
_d57935